| 000 | 01125cam a22003733a 4500 | ||
|---|---|---|---|
| 001 | 12694643 | ||
| 003 | OSt | ||
| 005 | 20140310184416.0 | ||
| 008 | 010312s2000 nyua j 000 1 eng d | ||
| 010 | _a 2002563390 | ||
| 020 | _a0439253233 (pbk.) | ||
| 035 | _a(OCoLC)ocm46427115 | ||
| 035 | _a12694601 | ||
| 040 |
_aIF9 _cIF9 _dDLC |
||
| 042 | _alccopycat | ||
| 050 | 0 | 0 |
_aPZ 7 _b.R686 2001 |
| 100 | 1 |
_aRodda, Emily. _920594 |
|
| 245 | 1 | 4 |
_aThe forests of silence / _cEmily Rodda. |
| 260 |
_aNew York : _bScholastic Inc., _c2001. |
||
| 300 |
_a131 p. : _bill. ; _c20 cm. |
||
| 490 | 1 |
_aDeltora quest ; _v1 |
|
| 521 | _aG4 | ||
| 526 | _c690 | ||
| 650 | 0 |
_aMagic _vJuvenile fiction. _926381 |
|
| 650 | 0 |
_aQuests (Expeditions) _vJuvenile fiction. _926382 |
|
| 655 | 7 |
_aFantasy fiction. _2gsafd _93053 |
|
| 710 | 2 |
_aCopyright Paperback Collection (Library of Congress) _5DLC _9705 |
|
| 800 | 1 |
_aRodda, Emily. _tDeltora quest ; _v1. _926383 |
|
| 906 |
_a7 _bcbc _ccopycat _d2 _encip _f20 _gy-genrareb |
||
| 942 |
_2lcc _cBK-SCHOLAS |
||
| 999 |
_c34153 _d34153 |
||